[Event "Ruhrgebiet VK1 9900"]
[Site "Ruhrgebiet"]
[Date "2000.03.19"]
[Round "7"]
[White "Van der Burch, Arie"]
[Black "Poschke, Markus"]
[Result "1-0"]
[WhiteElo "2198"]
[BlackElo "2095"]
[PlyCount "83"]
[EventDate "1999.09.19"]
[EventType "team-tourn"]
[EventRounds "9"]
[EventCountry "GER"]
[SourceTitle "EXT 2024"]
[Source "ChessBase"]
[SourceDate "2023.10.10"]
[SourceVersion "1"]
[SourceVersionDate "2023.10.10"]
[SourceQuality "1"]

1. d4 d5 2. c4 e6 3. Nc3 c6 4. Bf4 dxc4 5. e3 b5 6. a4 Bb4 7. axb5 Qd5 8. bxc6 Nxc6 9. Be2 Bb7 10. Bf3 Qd7 11. Nge2 Nge7 12. e4 Rd8 13. Be3 0-0 14. 0-0 a5 15. Qc2 Ba6 16. Rad1 Bd6 17. Na2 e5 18. d5 Nb4 19. Nxb4 axb4 20. Ra1 Ra8 21. h3 Qb5 22. Rfc1 Rfc8 23. Bg4 f5 24. exf5 Nxd5 25. f6 Nxe3 26. Be6+ Kh8 27. fxg7+ Kxg7 28. fxe3 Rf8 29. Ng3 e4 30. Qxe4 Bxg3 31. Qg4+ Kh8 32. Qxg3 Qc5 33. Kh1 Rfe8 34. Qf3 Qe5 35. Bxc4 Rf8 36. Rxa6 Rxf3 37. Rxa8+ Kg7 38. gxf3 Qxe3 39. Rg1+ Kf6 40. Rf8+ Ke7 41. Rf7+ Kd6 42. b3 1-0

[Event "BEL-chT 9900"]
[Site "Antwerp"]
[Date "1999.11.??"]
[Round "5"]
[White "Van der Stricht, Geert"]
[Black "Van der Burch, Arie"]
[Result "1-0"]
[WhiteElo "2347"]
[BlackElo "2275"]
[PlyCount "73"]
[EventDate "1999.10.08"]
[EventType "team"]
[EventRounds "11"]
[EventCountry "BEL"]
[SourceTitle "CBM 073 Extra"]
[Source "ChessBase"]
[SourceDate "2000.01.11"]
[SourceVersion "1"]
[SourceVersionDate "2000.01.11"]
[SourceQuality "1"]

1. d4 d5 2. c4 Nc6 3. Nc3 e5 4. cxd5 Nxd4 5. e3 Nf5 6. Nf3 Bd6 7. e4 Nfe7 8. Be2 Nf6 9. 0-0 0-0 10. Qd3 Ng6 11. Rd1 Nh5 12. g3 Bg4 13. Be3 Qd7 14. Nd2 Nhf4 15. gxf4 exf4 16. Bd4 f3 17. Bxf3 Nf4 18. Qe3 Nh3+ 19. Kh1 Bf4 20. Qe2 h5 21. Nc4 Ng5 22. Bxg4 hxg4 23. Be5 Nh3 24. Bxf4 Nxf4 25. Qe3 Nh3 26. Ne5 Qe7 27. Nxg4 Qh4 28. Qg3 Qxg4 29. Rd2 Qxg3 30. hxg3 Ng5 31. f4 Nh7 32. e5 Rfd8 33. Ne4 Nf8 34. Rc1 Rac8 35. Kg2 b6 36. b4 Nd7 37. Rdc2 1-0